000 00566nam a2200229Ia 4500
003 OSt
005 20220924151219.0
006 a|||||r|||| 00| 0
007 ta
008 220923b |||||||| |||| 00| 0 ara d
024 _a336655
037 _cTextual
040 _aARTS
_cARTS
_bara
041 _2ara
_aara
082 _aO28,1D973,12, D6
100 _aMaari Au.
_9223795
245 0 _aSharahul tanveer
260 _c1906
650 _aARABIC POETRY
942 _hO28,1D973,12, D6
_cTEXL
_2CC
999 _c465874
_d465874